| 000 | 00955cam a2200313 a 4500 | ||
|---|---|---|---|
| 001 | 14648469 | ||
| 003 | ost | ||
| 005 | 20140329142855.0 | ||
| 008 | 061128s2006 nyua j 000 0 eng | ||
| 010 | _a 2006286722 | ||
| 020 | _a0439740355 (pbk.) | ||
| 040 |
_aDLC _cDLC |
||
| 043 | _an-us-ny | ||
| 050 | 0 | 0 |
_aF 128.33 _b.W24 2006 |
| 100 | 1 |
_aWade, Angela. _923648 |
|
| 245 | 1 | 0 |
_aNew York City / _cAngela Wade. |
| 260 |
_aNew York : _bScholastic, _c2006. |
||
| 300 |
_a8 p. : _bcol. ill. ; _c23 cm. |
||
| 490 | 0 |
_aScholastic FX books ; _vbk. 12 |
|
| 521 | _aG2 | ||
| 526 | _c400 | ||
| 650 | 0 |
_aVocabulary _vJuvenile literature. _923649 |
|
| 650 | 0 |
_aEnglish language _xSuffixes and prefixes _vJuvenile literature. _923650 |
|
| 651 | 0 |
_aNew York (N.Y.) _vJuvenile literature. _923651 |
|
| 906 |
_a7 _bcbc _corignew _d2 _encip _f20 _gy-gencatlg |
||
| 942 |
_2lcc _cBK |
||
| 999 |
_c48784 _d48784 |
||